000 01138nam a2200313 a 4500
001
003 DO-SdBNP
005 20220120112134.0
008 100812s2006 dr r 000 0 spa d
020 _a9945160265
040 _aDO-SdBNP
_bspa
_cBPMSU
082 _a028.5
_bL296b, 2006
_222
100 1 _aLantigua, José Rafael
_d1949-
245 1 0 _aBuscando tiempo para leer y lecturas recomendadas /
_cJosé Rafael Lantigua, Juan Tomás Tavares ; prólogo Juan Daniel Balcácer.
250 _a2a ed.
260 _aSanto Domingo :
_bComisión Permanente de Efemérides Patrias,
_c2006.
300 _a78 p. ;
_c22 cm.
490 1 _aColección de la Comisión Permanente de Efemérides Patrias
_v12
590 _aInventariado,2022/VM
650 4 _aLibros y lectura
650 4 _aPromoción de la lectura
650 4 _aGuía para lectores
700 1 _aTavares, Juan Tomás,
700 1 _aBalcácer, Juan Daniel,
_epról.
710 2 _aComisión Permanente de Efemérides Patrias (República Dominicana)
830 0 _aColección de la Comisión Permanente de Efemérides Patrias
_n12
910 _aVMateo V.
942 _2ddc
_cBK
999 _c13970
_d13970